LEADER 01395nam a2200301 u 4500 001 000000014870 003 CaOOAMICUS 005 20070226105820.0 008 941013s1975 it a u000 u ita u 035 $a10349623 040 $aPUL(R)$bita 100 1 $aQuacquarelli, Antonio,$d1918-2001.$0(OLS)http://pul/name/2262 245 13$aIl leone e il drago nella simbolica dell'etą patristica /$cAntonio Quacquarelli. 260 $aBari :$bUniversitą di Bari, Istituto di letteratura cristiana antica,$c1975. 300 $a152 p. :$bill. ;$c24 cm 490 1 $aQuaderni di "Vetera Christianorum" ;$v11 500 $aComprende indici. 504 $aBibliografia: p. 11-14. 650 4$aLeoni$xSimbolismo.$0(OLS)http://pul/subject/10365 650 4$aDrago$xSimbolismo.$0(OLS)http://pul/subject/10366 650 4$aArte e simbolismo cristiano$xStoria.$0(OLS)http://pul/subject/1471 830 0$aQuaderni di "Vetera Christianorum" ;$v11.$0(OLS)http://pul/title/4704 850 $aPUL 852 $aPUL$W1$xSL Religione 1$y3$m22 O 11$j20837$nBK-PRI$b $qStampati$B20837$CPULBib$Z2$F20837 $H $81 941 1 $a8 961 $aINV: 41337 996 $6245$aIl leone e il drago nella simbolica dell'etą patristica$9(OLS)http://pul/title/21335 996 $6260$aBari :$bUniversitą di Bari, Istituto di letteratura cristiana antica$9(OLS)http://pul/publisher/54499 LEADER 01624nam a2200349 u 4500 001 000000042074 003 CaOOAMICUS 005 20070226114302.0 008 990219s1998 vc u000 u ita u 020 $a8886811071 035 $a10814791 040 $aPUL$bita$dBAV$dPUL(R) 100 0 $aIohannes Paulus PP.$bII,$csanto,$d1920-2005.$0(OLS)http://pul/name/1830 245 13$aLa catechesi mariana di Giovanni Paolo II /$cpresentazione di Cosmo Francesco Ruppi. 260 $aCittą del Vaticano :$bL'Osservatore Romano,$c1998. 300 $a235 p. ;$c21 cm 490 1 $aQuaderni de "L'Osservatore Romano" ;$v39 600 04$aMaria Virgo,$cs.,$xFonti.$0(OLS)http://pul/subject/18811 650 4$aDottrina cristiana.$0(OLS)http://pul/subject/2024 700 1 $aRuppi, Cosmo Francesco,$carciv. di Lecce,$d1932-$0(OLS)http://pul/name/30928 830 0$aQuaderni de "L'Osservatore Romano" ;$v39.$0(OLS)http://pul/title/1262 850 $aPUL 852 $aPUL$W1$xSL Filosofia 1$y2$m112(1) F 51$j56909$nBK-PRI$b $qStampati$B56909$CPULBib$Z2$F56909 $H $81 900 $aWojtyla, Karol,$cs.,$d1920-2005$91830 900 $aGiovanni Paolo II,$cpapa, s.,$d1920-2005$91830 910 $aPapi (1978-2005 : Iohannes Paulus PP. II)$91830 910 $aPapi (1978-2005 : Iohannes Paulus PP. II)$91830 941 1 $a8 961 $aINV: 78931 996 $6020$a8886811071$9(OLS)http://pul/number/52469 996 $6245$aLa catechesi mariana di Giovanni Paolo II$9(OLS)http://pul/title/56757 996 $6260$aCittą del Vaticano :$bL'Osservatore Romano$9(OLS)http://pul/publisher/64756